<?xml version="1.0" encoding="UTF-8"?><?xml-stylesheet type="text/xsl" href="static/style.xsl"?><OAI-PMH xmlns="http://www.openarchives.org/OAI/2.0/" xmlns:xsi="http://www.w3.org/2001/XMLSchema-instance" xsi:schemaLocation="http://www.openarchives.org/OAI/2.0/ http://www.openarchives.org/OAI/2.0/OAI-PMH.xsd"><responseDate>2026-06-02T11:39:48Z</responseDate><request verb="GetRecord" identifier="oai:riuma.uma.es:10630/3159" metadataPrefix="marc">https://riuma.uma.es/rest/oai/request</request><GetRecord><record><header><identifier>oai:riuma.uma.es:10630/3159</identifier><datestamp>2026-02-03T12:48:39Z</datestamp><setSpec>com_10630_27</setSpec><setSpec>com_10630_3139</setSpec><setSpec>com_10630_10</setSpec><setSpec>col_10630_553</setSpec></header><metadata><record xmlns="http://www.loc.gov/MARC21/slim" xmlns:dcterms="http://purl.org/dc/terms/" xmlns:doc="http://www.lyncode.com/xoai" xmlns:xsi="http://www.w3.org/2001/XMLSchema-instance" xsi:schemaLocation="http://www.loc.gov/MARC21/slim http://www.loc.gov/standards/marcxml/schema/MARC21slim.xsd">
   <leader>00925njm 22002777a 4500</leader>
   <datafield ind2=" " ind1=" " tag="042">
      <subfield code="a">dc</subfield>
   </datafield>
   <datafield ind2=" " ind1=" " tag="720">
      <subfield code="a">Losa Quintana, J.M.</subfield>
      <subfield code="e">author</subfield>
   </datafield>
   <datafield ind2=" " ind1=" " tag="720">
      <subfield code="a">Freire, L.</subfield>
      <subfield code="e">author</subfield>
   </datafield>
   <datafield ind2=" " ind1=" " tag="260">
      <subfield code="c">1980</subfield>
   </datafield>
   <datafield ind2=" " ind1=" " tag="520">
      <subfield code="a">Se realiza el estudio de doce especies de Ascomicetes, cuyos cuerpos fructíferos alcanzan tamaños macroscópicos y de los cuales pudieron realizarse diapositivas directamente del natural o en el Laboratorio. De cada una de ellas se realiza un breve comentario de sus peculiaridades morfológicas o ecológicas. En algún caso pudo seguirse el desarrollo de sus fructificaciones. La revisión nomenclatural ha sido realizada por Moser, M.: Kleine Kryptogamen flora II a: Ascomyceten. Al menos dos especies de las que se muestran creemos son nuevas citas para la Flora española de Ascomicetes.</subfield>
   </datafield>
   <datafield ind2=" " ind1=" " tag="520">
      <subfield code="a">We study twelve species of Ascomycetes with ascocarps. We do a little comentary of their morfological and ecological peculiarities. The nomenclature review is according to Moser, M. in Gams: Kleine Kryptogamenflora II a. We think at last two species are new for Iberian Peninsula.</subfield>
   </datafield>
   <datafield ind1="8" ind2=" " tag="024">
      <subfield code="a">Acta Botánica Malacitana, Nº 6&#xd;
, 1980, Págs. 53&#xd;
-56</subfield>
   </datafield>
   <datafield ind1="8" ind2=" " tag="024">
      <subfield code="a">02109506</subfield>
   </datafield>
   <datafield ind1="8" ind2=" " tag="024">
      <subfield code="a">http://hdl.handle.net/10630/3159</subfield>
   </datafield>
   <datafield ind2="0" ind1="0" tag="245">
      <subfield code="a">Estudio de algunas especies de Ascomicetes macroscopicos, de la flora española</subfield>
   </datafield>
</record>
</metadata></record></GetRecord></OAI-PMH>